| 000 | 00733nam a2200217 u 4500 | ||
|---|---|---|---|
| 005 | 20240206151833.0 | ||
| 008 | 130827s2005 es r 000 0 spa d | ||
| 020 | _a8497041569 | ||
| 035 | _aUPN01000192491 | ||
| 049 | _aCG | ||
| 050 | 4 |
_aHQ1106 _bM8.4 |
|
| 245 | 0 | 0 |
_aMujer y cultura escrita : _bdel mito al siglo XXI / _ccoord. María del Val González de la Peña ; tr. Saly-Ann Kirts. |
| 260 |
_aAsturias, Esp. : _bTrea, _c2005. |
||
| 300 |
_a313 p. : _bil., gráfs. |
||
| 440 | 0 |
_aBiblioteconomía y administración cultural ; _v117 |
|
| 650 | 4 |
_aMujeres _xVida intelectual _922480 |
|
| 650 | 4 |
_aMujeres y literatura _922479 |
|
| 700 | 1 |
_aGonzález de la Peña, María del Val, _ecoord. |
|
| 905 | _aLibro | ||
| 999 |
_c164593 _d164593 |
||